000 00465nam a2200169Ia 4500
003 LK-CoDNM
008 010623t1964 xxu||||| |||| 00| 1 sin d
040 _aLK-CoDNM
_dLK-CoDNM
_eLK-CoDNM
041 _asin
080 _a133.52 VID
245 _aරත්න ග්‍ර‍හබල විස්තරය
246 _aRathna Grahabala Vistharaya
260 _bRathna Publishers
_aColombo
_c1964
300 _b83p., 18 cm
650 _aAstrology
942 _cBK
999 _c106705
_d106705